000 00433nam a22001697a 4500
005 20251108175806.0
008 250721s1980 xx 000 0 eng d
082 1 4 _a423.1/OXF
100 1 _aHAWKINS, JOYCE M.
245 1 0 _aOXFORD AMERICAN DICTIONARY /
264 1 _aNEW YORK :
_bOXFORD UNIVERSITY PRESS,
_c1980.
300 _a816P.
650 1 7 _aDICTIONARY
650 1 7 _aENGLISH LANGUGE
942 _2ddc
_cBK
999 _c142543
_d142543